| 000 | 00447nam a22001817a 4500 | ||
|---|---|---|---|
| 003 | OSt | ||
| 005 | 20150428174851.0 | ||
| 008 | 150428b xxu||||| |||| 00| 0 eng d | ||
| 040 | _c04 | ||
| 082 | _aWs 7 B777 1995 | ||
| 100 |
_aBPA _94313 |
||
| 245 |
_aHandbook 1994-95: _bBritish Paediatric association / _cBPA |
||
| 260 |
_bBPA; _c1995 |
||
| 300 |
_a520 p : _c26 cm |
||
| 504 | _aincludes index | ||
| 650 |
_aPeadiatric _94314 |
||
| 942 |
_2z _cSLOAN |
||
| 999 |
_c1635 _d1635 |
||